Modern Business Study Guide / A Systems Approach (Record no. 984)
[ view plain ]
| 000 -LEADER | |
|---|---|
| fixed length control field | 02516cam a22002414a 4500 |
| 005 - ΗΜΕΡΟΜΗΝΙΑ ΚΑΙ ΩΡΑ ΤΕΛΕΥΤΑΙΑΣ ΕΝΗΜΕΡΩΣΗΣ | |
| Πεδίο ελέγχου | 20250605163952.0 |
| 008 - FIXED-LENGTH DATA ELEMENTS--GENERAL INFORMATION | |
| Πεδίο ελέγχου σταθερού μήκους | 250528s ||||||||||||||||||||||||d |
| 035 ## - SYSTEM CONTROL NUMBER | |
| System control number | 15400 |
| 020 ## - ISBN | |
| ISBN | 395213908 |
| 040 ## - ΠΗΓΗ ΚΑΤΑΛΟΓΟΓΡΑΦΗΣΗΣ | |
| Φορέας πρωτότυπης καταλογογράφησης | MC Athens Campus Library |
| Γλώσσα καταλογογράφησης | Ελληνικά, Μοντέρνα (1453-) |
| Modifying agency | MC Athens Campus Library |
| Κανόνες περιγραφικής καταλογογράφησης | AACR2 |
| 245 1# - ΤΙΤΛΟΣ ΚΑΙ ΔΗΛΩΣΗ ΥΠΕΥΘΥΝΟΤΗΤΑΣ | |
| Τίτλος | Modern Business Study Guide / A Systems Approach |
| 250 ## - EDITION STATEMENT | |
| Edition statement | 2nd |
| 260 ## - PUBLICATION, DISTRIBUTION, ETC. | |
| Name of publisher, distributor, etc. | Houghton Mifflin Company, |
| Date of publication, distribution, etc. | 1977 |
| 300 ## - PHYSICAL DESCRIPTION | |
| Extent | 322 |
| 505 0# - FORMATTED CONTENTS NOTE | |
| Formatted contents note | The Modern Business System, The Scope of American Business, Form and Regulation of American Business, The Business System, Inputs to the Business System, Management in Business, Management and Organizational Form and Human Behavior, Labor in Business, Business Capital and Short-Term Financial Planning, Business Capital and Long-Term Financial Planning, Land and Location and Urban Development, Transforming Inputs into Goods and Services, Production: Making the Product, Marketing: From Producer to Consumer, Marketing: Promotion and Pricing, Organizational Services, Small Business, Information Feedback for Planning and Control and Evaluation, Accounting and the Evaluation of Financial Information, Computer Based Information Systems, The Business System in Society, Ecology and Business, The Consumer and Business, World Markets and Business, Law and Government and Business, The Future and Business, Appendix: Preparing for your Career in Business. |
| 520 ## - SUMMARY, ETC. | |
| Summary, etc. | The Modern Business System, The Scope of American Business, Form and Regulation of American Business, The Business System, Inputs to the Business System, Management in Business, Management and Organizational Form and Human Behavior, Labor in Business, Business Capital and Short-Term Financial Planning, Business Capital and Long-Term Financial Planning, Land and Location and Urban Development, Transforming Inputs into Goods and Services, Production: Making the Product, Marketing: From Producer to Consumer, Marketing: Promotion and Pricing, Organizational Services, Small Business, Information Feedback for Planning and Control and Evaluation, Accounting and the Evaluation of Financial Information, Computer Based Information Systems, The Business System in Society, Ecology and Business, The Consumer and Business, World Markets and Business, Law and Government and Business, The Future and Business, Appendix: Preparing for your Career in Business. |
| 700 1# - ΠΡΟΣΘΕΤΗ ΑΝΑΓΡΑΦΗ--ΦΥΣΙΚΟ ΠΡΟΣΩΠΟ | |
| Personal name | Bonnington L. Robert |
| 9 (RLIN) | 1318 |
| 700 1# - ΠΡΟΣΘΕΤΗ ΑΝΑΓΡΑΦΗ--ΦΥΣΙΚΟ ΠΡΟΣΩΠΟ | |
| Personal name | Needles Belverd E |
| 9 (RLIN) | 1319 |
| 700 1# - ΠΡΟΣΘΕΤΗ ΑΝΑΓΡΑΦΗ--ΦΥΣΙΚΟ ΠΡΟΣΩΠΟ | |
| Personal name | Rosenblatt Bernard S |
| 9 (RLIN) | 1320 |
| 942 ## - ADDED ENTRY ELEMENTS (KOHA) | |
| Koha item type | Books |
| Τύπος τεκμηρίου | Βιβλιοθήκη | Τρέχουσα τοποθεσία | Barcode | Αριθμός εισαγωγής | Ημερομηνία απόκτησης | Ταξιθετικό σύμβολο | Αριθμός αντιτύπου | Κατάσταση απόσυρσης | Κατάσταση χαμένου | Κατάσταση κατεστραμμένου | Μη δανεισμός | Σύνολο δανεισμών | Ημερομηνία τελευταίας εμφάνισης | Η τιμή ισχύει από |
|---|---|---|---|---|---|---|---|---|---|---|---|---|---|---|
| Books | MC Athens Campus Library | MC Athens Campus Library | 9780000009838 | 1655 | 05/06/2025 | 658.4 ROS | 1 | 05/06/2025 | 05/06/2025 |